000 00259nam a2200121Ia 4500
008 190216s9999||||xx |||||||||||||| ||und||
100 _aRama Simh
245 0 _aHindi-Dhola Marura Dua
260 _bNavarang
300 _a241
650 _aHindi
942 _cBK
999 _c16333
_d16333